[Event "2ème Open International de Haute-Bretagn"]
[Site "RENNES - FRANCE"]
[Date "2009.07.18"]
[Round "3.33"]
[White "Heyman, Jacques"]
[Black "Roussel, Yanis"]
[Result "1-0"]
[WhiteElo "1855"]
[BlackElo "1586"]
[PlyCount "111"]
[EventDate "2009.??.??"]

1. d4 d5 2. Bf4 Nf6 3. e3 e6 4. Nf3 c5 5. c3 c4 6. Nbd2 Bd6 7. Ne5 O-O 8. b4 b5
9. Bg5 Nbd7 10. f4 Be7 11. Nc6 Qe8 12. Nxe7+ Qxe7 13. Be2 h6 14. Bxf6 Nxf6 15.
O-O Bd7 16. Qc2 Rfb8 17. a3 Bc6 18. Nf3 Nd7 19. Ne5 Nxe5 20. fxe5 Qg5 21. Rf3
Rb7 22. Qb2 Rf8 23. Rg3 Qh4 24. Rg4 Qe7 25. Rf1 f6 26. exf6 Rxf6 27. Rxf6 Qxf6
28. Rf4 Qd8 29. Qb1 Be8 30. Qf1 Rf7 31. Rxf7 Bxf7 32. Qf4 a6 33. Bd1 Qb6 34.
Bc2 Qd8 35. h3 Qb6 36. Qe5 Qd8 37. e4 Kf8 38. exd5 exd5 39. Kh2 Kg8 40. Bf5 g6
41. Bg4 h5 42. Bf3 Kf8 43. Qh8+ Ke7 44. Qxd8+ Kxd8 45. h4 Be6 46. Kg3 Ke7 47.
Kf4 Kf6 48. g3 Bg8 49. g4 Bf7 50. gxh5 gxh5 51. Bd1 Be6 52. Bc2 Bd7 53. Bd1 Be8
54. Be2 Bg6 55. Bf1 Bf7 56. Bh3 1-0

[Event "2ème Open International de Haute-Bretagn"]
[Site "RENNES - FRANCE"]
[Date "2009.07.18"]
[Round "3.34"]
[White "Madeline, Nicolas"]
[Black "Sanvoisin, Corentin"]
[Result "0-1"]
[WhiteElo "1653"]
[BlackElo "1855"]
[PlyCount "88"]
[EventDate "2009.??.??"]

1. e4 c5 2. Nc3 a6 3. g3 b5 4. d4 cxd4 5. Qxd4 Nc6 6. Qd3 d6 7. Bg2 Bb7 8. Nf3
Nf6 9. O-O g6 10. Bf4 Bg7 11. Rfe1 Nd7 12. Qd2 O-O 13. Bh6 Nce5 14. Nxe5 Nxe5
15. Bxg7 Kxg7 16. Qd4 Kg8 17. f4 Nc4 18. b3 Na5 19. Rad1 Nc6 20. Qd2 Rc8 21.
Bh3 e6 22. f5 Ne5 23. Rf1 exf5 24. Bg2 Ng4 25. exf5 Qb6+ 26. Kh1 Bxg2+ 27. Kxg2
Ne3+ 28. Kh3 Nxf1 29. Rxf1 Qc5 30. Ne4 Qe5 31. Qh6 Qg7 32. Qg5 gxf5 33. Qxg7+
Kxg7 34. Rxf5 Rxc2 35. Rg5+ Kh8 36. Nxd6 Rxa2 37. Kg4 Rxh2 38. Kf5 Rh6 39. Ne4
Rg6 40. Nc5 Rxg5+ 41. Kxg5 a5 42. Kf6 Kg8 43. Nd7 Ra8 44. Ne5 Ra6+ 0-1

[Event "2ème Open International de Haute-Bretagn"]
[Site "RENNES - FRANCE"]
[Date "2009.07.18"]
[Round "3.35"]
[White "Le Bail, Arielle"]
[Black "Madeline, Paul"]
[Result "1-0"]
[WhiteElo "1847"]
[BlackElo "1579"]
[PlyCount "67"]
[EventDate "2009.??.??"]

1. d4 d5 2. c4 c6 3. cxd5 cxd5 4. Nc3 Nf6 5. Nf3 Nc6 6. Bf4 Bf5 7. e3 e6 8. Qb3
Qd7 9. Ne5 Nxe5 10. dxe5 a6 11. exf6 gxf6 12. Bg3 Rc8 13. Be2 b5 14. a3 Be7 15.
O-O O-O 16. Rfd1 Kh8 17. e4 Rxc3 18. Qxc3 Bxe4 19. Rac1 Rd8 20. Qe3 Bg6 21. Rc7
Qe8 22. h4 e5 23. h5 d4 24. Qf3 Bd6 25. Qxf6+ Kg8 26. Rcc1 Be4 27. h6 Qf8 28.
Bxe5 Bxe5 29. Qxe5 d3 30. Bxd3 Rxd3 31. Qg5+ Kh8 32. Qf6+ Kg8 33. Rc8 Rd6 34.
Qg7# 1-0

[Event "2ème Open International de Haute-Bretagn"]
[Site "RENNES - FRANCE"]
[Date "2009.07.17"]
[Round "3.36"]
[White "Sinnas, Albert"]
[Black "Duquesnoy, Bruno"]
[Result "1-0"]
[WhiteElo "1836"]
[BlackElo "1900"]
[PlyCount "41"]
[EventDate "2009.??.??"]

1. d4 Nf6 2. Nf3 e6 3. g3 c5 4. Bg2 d5 5. O-O Nc6 6. c4 cxd4 7. Nxd4 e5 8. Nxc6
bxc6 9. Nc3 Bb4 10. Nxd5 cxd5 11. Qa4+ Bd7 12. Qxb4 Rb8 13. Qa3 dxc4 14. Be3 a5
15. Ba7 Rb4 16. Bc5 Rb5 17. Rfd1 Qc8 18. Bd6 h5 19. Qe3 h4 20. a4 Ng4 21. Qg5
1-0

[Event "2ème Open International de Haute-Bretagn"]
[Site "RENNES - FRANCE"]
[Date "2009.07.18"]
[Round "3.40"]
[White "Spoone, John-Paul"]
[Black "Liauzu, Serge"]
[Result "1-0"]
[WhiteElo "1770"]
[BlackElo "1643"]
[PlyCount "77"]
[EventDate "2009.??.??"]

1. Nf3 d5 2. g3 Nf6 3. Bg2 e6 4. O-O Bd6 5. d3 O-O 6. Nbd2 c6 7. Re1 e5 8. e4
Bg4 9. h3 Bxf3 10. Qxf3 Nbd7 11. Nf1 h6 12. Ne3 dxe4 13. dxe4 Nc5 14. Nf5 Qc7
15. Bxh6 gxh6 16. Qe3 Ng4 17. hxg4 f6 18. Qxh6 Rf7 19. Rad1 Bf8 20. Qe3 Rh7 21.
Bf1 b5 22. Kg2 Ne6 23. Qb3 Re8 24. a4 a6 25. axb5 cxb5 26. c4 Kh8 27. cxb5 Qb6
28. Bc4 Ng5 29. bxa6 Rh2+ 30. Kxh2 Qxf2+ 31. Kh1 Nf3 32. Re2 Qc5 33. a7 Rd8 34.
Bd5 Rd7 35. Qxf3 Qxa7 36. Rh2+ Rh7 37. Rxh7+ Kxh7 38. Qe3 Bc5 39. Qh6# 1-0

[Event "2ème Open International de Haute-Bretagn"]
[Site "RENNES - FRANCE"]
[Date "2009.07.18"]
[Round "3.41"]
[White "Mercier, Franck"]
[Black "Dujardin, Bernard"]
[Result "1-0"]
[WhiteElo "1623"]
[BlackElo "1745"]
[PlyCount "77"]
[EventDate "2009.??.??"]

1. e4 d6 2. d4 Nf6 3. Nc3 c6 4. Nf3 g6 5. Bc4 b5 6. Bb3 b4 7. e5 Ng4 8. Ne4 d5
9. Nc5 Na6 10. Nxa6 Bxa6 11. h3 Nh6 12. g4 Bg7 13. Bf4 O-O 14. Qd2 f6 15. Bxh6
fxe5 16. Nxe5 Bxh6 17. Qxh6 Qd6 18. Qe3 Bb5 19. O-O-O a5 20. c4 bxc3 21. Qxc3
Rxf2 22. Rd2 Qf6 23. Rxf2 Qxf2 24. Qd2 Qg3 25. Rh2 Rf8 26. Bd1 Rf1 27. Kc2 c5
28. Rg2 Qxh3 29. dxc5 Qh1 30. Qxd5+ Kg7 31. Rd2 Qxd5 32. Rxd5 Kf6 33. c6 Ba6
34. Rxa5 Bc8 35. c7 Re1 36. Nd3 Re4 37. g5+ Kf7 38. Kc3 Be6 39. Bb3 1-0

[Event "2ème Open International de Haute-Bretagn"]
[Site "RENNES - FRANCE"]
[Date "2009.07.17"]
[Round "3.43"]
[White "Ruhlmann, Helene"]
[Black "Primault, Loic"]
[Result "1-0"]
[WhiteElo "1720"]
[BlackElo "1591"]
[PlyCount "62"]
[EventDate "2009.??.??"]

1. e4 d5 2. exd5 Nf6 3. d4 Nxd5 4. c4 Nf6 5. Nc3 Bg4 6. Be2 Bxe2 7. Ngxe2 e6 8.
O-O c6 9. Bf4 Nbd7 10. Qc2 Be7 11. Rad1 O-O 12. Rfe1 Qa5 13. Nc1 Qh5 14. Re3
Qg6 15. Qxg6 hxg6 16. Nd3 Nh5 17. Be5 Nb6 18. b3 Rac8 19. Ne4 Rfd8 20. Ndc5 f5
21. Nxb7 fxe4 22. Nxd8 Rxd8 23. Rxe4 Kf7 24. Rde1 Bb4 25. R1e3 Nd7 26. Bc7 Re8
27. d5 cxd5 28. cxd5 Nf8 29. Rxb4 exd5 30. Rxe8 Kxe8 31. Bd6 Kd7 1-0

[Event "2ème Open International de Haute-Bretagn"]
[Site "RENNES - FRANCE"]
[Date "2009.07.17"]
[Round "3.44"]
[White "Doucin, Paul"]
[Black "Chevalier, Nathalie"]
[Result "0-1"]
[WhiteElo "1705"]
[BlackElo "1470"]
[PlyCount "110"]
[EventDate "2009.??.??"]

1. e4 e6 2. d4 d5 3. Nc3 Bb4 4. e5 Ne7 5. a3 Ba5 6. Nf3 h6 7. Bd3 O-O 8. O-O
Bb6 9. Ne2 c5 10. c3 Nbc6 11. Bb1 Nf5 12. Qd3 f6 13. g4 fxe5 14. Nxe5 Nxe5 15.
dxe5 c4 16. Qc2 Qh4 17. gxf5 Rxf5 18. Ng3 Qg4 19. Qe2 Rf3 20. Kh1 Bd7 21. Qc2
Kf7 22. Qd1 Rf8 23. Be3 Ke7 24. Bxb6 axb6 25. Bc2 Qf4 26. Qd4 Qxd4 27. cxd4
Rxf2 28. Bg6 Be8 29. Bxe8 Kxe8 30. Rab1 b5 31. Kg1 Rd2 32. Rfd1 Rff2 33. Rxd2
Rxd2 34. h3 Kd7 35. Kf1 Rxd4 36. Ne2 Rh4 37. Kg2 Re4 38. Nc3 Rxe5 39. Nxb5 g5
40. Nd4 Re4 41. Nf3 Kd6 42. Kf2 Rf4 43. Kg3 e5 44. Re1 Re4 45. Rd1 Re2 46. Nd2
Ke6 47. Kg4 Rf2 48. h4 Rf4+ 49. Kg3 Rxh4 50. Nf3 Rf4 51. Rh1 Rf6 52. Re1 e4 53.
Nh2 h5 54. Nf3 Rxf3+ 55. Kg2 h4 0-1

[Event "2ème Open International de Haute-Bretagn"]
[Site "RENNES - FRANCE"]
[Date "2009.07.17"]
[Round "3.45"]
[White "Payoux, Auriane"]
[Black "Legras, Sebastien"]
[Result "0-1"]
[WhiteElo "1460"]
[BlackElo "1700"]
[PlyCount "80"]
[EventDate "2009.??.??"]

1. e4 c5 2. Nf3 d6 3. Bc4 Nf6 4. d3 Bg4 5. Nc3 e6 6. O-O a6 7. a4 Be7 8. Re1
O-O 9. Be3 Nc6 10. Qe2 d5 11. exd5 exd5 12. Nxd5 Nxd5 13. Bc1 Re8 14. Qe4 Nf6
15. Qf4 Bxf3 16. Qxf3 Nd4 17. Qd1 Bd6 18. c3 Rxe1+ 19. Qxe1 Nc2 20. Qe2 Nxa1
21. Qd1 Qe7 22. Be3 b5 23. Ba2 Qc7 24. Qxa1 Bxh2+ 25. Kf1 Bf4 26. Qe1 Re8 27.
Bb1 Ng4 28. Qe2 Nxe3+ 29. fxe3 Rxe3 30. Qf2 Re8 31. d4 Bg3 32. Qd2 Re1+ 33.
Qxe1 Bxe1 34. Kxe1 Qg3+ 35. Kd1 Qxg2 36. dxc5 Qf1+ 37. Kc2 Qf2+ 38. Kd3 Qxc5
39. axb5 axb5 40. b4 Qf5+ 0-1

[Event "2ème Open International de Haute-Bretagn"]
[Site "RENNES - FRANCE"]
[Date "2009.07.17"]
[Round "3.46"]
[White "Caillot, Arnaud"]
[Black "Cheval, Thierry"]
[Result "1-0"]
[WhiteElo "1698"]
[BlackElo "1330"]
[PlyCount "44"]
[EventDate "2009.??.??"]

1. d4 d5 2. c4 Nf6 3. Nf3 Nc6 4. Nc3 e6 5. Bg5 Be7 6. e3 O-O 7. Rc1 a6 8. Bd3
dxc4 9. Bxc4 b5 10. Be2 Bb7 11. O-O Nd5 12. Bxe7 Ndxe7 13. Qb3 Qd7 14. Rfd1 f6
15. Nd2 f5 16. f4 Kh8 17. Nf3 h6 18. Rc2 Rf6 19. Rdc1 Qd6 20. a3 g5 21. fxg5
hxg5 22. Nxg5 Rg6 1-0

[Event "2ème Open International de Haute-Bretagn"]
[Site "RENNES - FRANCE"]
[Date "2009.07.17"]
[Round "3.49"]
[White "Bauer, Eric"]
[Black "Guyader, Ronan"]
[Result "1-0"]
[WhiteElo "1499"]
[BlackElo "1330"]
[PlyCount "99"]
[EventDate "2009.??.??"]

1. e4 d5 2. exd5 Qxd5 3. Nc3 Qa5 4. d4 Nf6 5. Nf3 Bg4 6. Bd2 c6 7. Bc4 e6 8. a3
Qc7 9. Qe2 Nbd7 10. Ne4 O-O-O 11. O-O Nb6 12. Bg5 Be7 13. Nxf6 gxf6 14. Be3
Bxf3 15. gxf3 Rhg8+ 16. Kh1 Rg6 17. Bd3 f5 18. Rg1 Nd5 19. Qd2 Rxg1+ 20. Rxg1
f4 21. c4 fxe3 22. fxe3 Nf6 23. Rg7 Bf8 24. Rg3 Bh6 25. Rh3 Bf8 26. Bxh7 Kb8
27. Qg2 Qa5 28. Qe2 c5 29. Qd1 b5 30. b3 e5 31. d5 e4 32. Bxe4 Nxe4 33. fxe4
Qxa3 34. cxb5 Qb4 35. Qd3 Bd6 36. Rh5 Rg8 37. Rf5 Qe1+ 38. Rf1 Qh4 39. Qe2
Qxe4+ 40. Qf3 Qe7 41. Qxf7 Qe4+ 42. Rf3 Qb1+ 43. Rf1 Qxb3 44. Qxg8+ Kb7 45.
Rf7+ Bc7 46. e4 Qc2 47. d6 Qxe4+ 48. Qg2 Qxg2+ 49. Kxg2 Kc8 50. Rxc7+ 1-0

[Event "Open HB"]
[Site "?"]
[Date "2009.07.16"]
[Round "3.31"]
[White "Crahan, Alan"]
[Black "Danet, Claude"]
[Result "1-0"]
[WhiteElo "1867"]
[BlackElo "1660"]
[PlyCount "87"]
[EventDate "2009.07.18"]
[SourceDate "2009.07.18"]

1. Nf3 c5 2. c4 Nc6 3. Nc3 d6 4. g3 Nf6 5. Bg2 g6 6. d4 cxd4 7. Nxd4 Nxd4 8.
Qxd4 Bg7 9. O-O O-O 10. Qh4 Qa5 11. Bh6 Qh5 12. Qxh5 Nxh5 13. Bxg7 Nxg7 14. Nd5
e6 15. Ne7+ Kh8 16. b3 Rb8 17. Rfd1 d5 18. cxd5 exd5 19. Nxd5 Be6 20. Nf6 Ne8
21. Nd7 Bxd7 22. Rxd7 Nf6 23. Rxb7 Rxb7 24. Bxb7 Re8 25. Kf1 Nd7 26. Rc1 Kg7
27. Rc7 Nb8 28. Bd5 Rd8 29. Rxf7+ Kh6 30. Bf3 Rd7 31. Rxd7 Nxd7 32. e4 Ne5 33.
Be2 Kg7 34. f4 Nc6 35. Kf2 Kf7 36. a4 a5 37. Ke3 Ke7 38. g4 h6 39. h4 Nd8 40.
Bc4 Nc6 41. g5 hxg5 42. hxg5 Nd8 43. Bd5 Kd6 44. Kd4 1-0

[Event "2ème Open International de Haute-Bretagn"]
[Site "RENNES - FRANCE"]
[Date "2009.??.??"]
[Round "3.23"]
[White "Assedo, Johaquim"]
[Black "Castel, Efflam"]
[Result "1-0"]
[WhiteElo "1823"]
[BlackElo "1927"]
[PlyCount "63"]
[EventDate "2009.??.??"]

1. e4 c5 2. Nf3 d6 3. d4 cxd4 4. Nxd4 Nf6 5. Nc3 g6 6. Bc4 Bg7 7. Bb3 Nc6 8. f3
O-O 9. Be3 Bd7 10. Qd2 Rc8 11. O-O-O Ne5 12. h4 Nc4 13. Bxc4 Rxc4 14. h5 Nxh5
15. Rxh5 gxh5 16. Bh6 e6 17. Bxg7 Kxg7 18. Rh1 Qf6 19. Nde2 Rfc8 20. Nf4 Kf8
21. Nxh5 Qg6 22. Qxd6+ Ke8 23. e5 Qh6+ 24. Kb1 Kd8 25. Rd1 R8c7 26. Nf6 R4c6
27. Qd3 Kc8 28. Nxd7 Qg5 29. Nb5 Rxc2 30. Nxa7+ Kd8 31. Nf6+ Ke7 32. Qd8# 1-0

[Event "2ème Open International de Haute-Bretagn"]
[Site "RENNES - FRANCE"]
[Date "2009.??.??"]
[Round "3.26"]
[White "Rachid, Danial"]
[Black "Loizil, Joel"]
[Result "1-0"]
[WhiteElo "1910"]
[BlackElo "1814"]
[PlyCount "147"]
[EventDate "2009.??.??"]

1. e4 e6 2. d4 d5 3. e5 c5 4. c3 Nc6 5. Nf3 cxd4 6. cxd4 Nge7 7. Nc3 Bd7 8. Bd3
Qb6 9. O-O Ng6 10. Kh1 Be7 11. Qe2 a6 12. Rd1 Rc8 13. Be3 Na5 14. Rac1 Nc4 15.
Bxc4 Rxc4 16. Nd2 Rc8 17. Nb3 O-O 18. f4 Qd8 19. f5 Nh4 20. f6 gxf6 21. Bh6 Re8
22. Qg4+ Ng6 23. exf6 Bxf6 24. Nc5 Rc7 25. Rf1 Bc8 26. Qf3 Bxd4 27. Ne2 Bg7 28.
Bxg7 Kxg7 29. Ng3 f5 30. Nd3 Rxc1 31. Rxc1 Re7 32. Nf4 Rc7 33. Re1 Nxf4 34.
Qxf4 Kg8 35. Qe5 Rf7 36. Nh5 Qh4 37. Nf4 Qf6 38. Qb8 Rf8 39. g3 d4 40. Qc7 Re8
41. Qc4 Bd7 42. Kg1 Kh8 43. Qc7 Bc6 44. Nh5 Qg6 45. Qe5+ Kg8 46. Nf6+ Kf8 47.
Nxe8 Kxe8 48. Qxd4 Be4 49. Rc1 Bc6 50. Qd6 Qf6 51. Re1 Be4 52. Qb8+ Kf7 53.
Qc7+ Kg6 54. Qc3 Qxc3 55. bxc3 Bd5 56. a3 b5 57. Kf2 a5 58. Ke3 a4 59. Kd4 Kf6
60. Kc5 Bc4 61. Kd4 Bd5 62. h4 h5 63. Re3 Bb3 64. Re5 Bc4 65. Rc5 Be2 66. Rc8
Bf1 67. Rf8+ Kg7 68. Re8 Kf7 69. Rh8 Kg6 70. Ke5 Bc4 71. Rc8 Bd5 72. Rc5 Bc4
73. Rxc4 bxc4 74. Kxe6 1-0

[Event "2ème Open International de Haute-Bretagn"]
[Site "RENNES - FRANCE"]
[Date "2009.07.18"]
[Round "3.29"]
[White "Graton, Tanguy"]
[Black "Blanchard, Simon"]
[Result "1-0"]
[WhiteElo "1870"]
[BlackElo "1710"]
[PlyCount "125"]
[EventDate "2009.??.??"]

1. e4 c5 2. Nf3 d6 3. d4 cxd4 4. Nxd4 Nf6 5. Nc3 Bd7 6. Bd3 Nc6 7. Nxc6 Bxc6 8.
O-O e6 9. Qe2 Be7 10. Bf4 O-O 11. Rfd1 Qc8 12. Nb5 Bxb5 13. Bxb5 d5 14. exd5
Nxd5 15. Rxd5 exd5 16. Qxe7 Qxc2 17. Qe2 Rac8 18. Qxc2 Rxc2 19. Be5 a6 20. Ba4
Re2 21. Bc3 Rd8 22. Kf1 Re4 23. Bc2 Rc4 24. Bd3 Rc6 25. Re1 d4 26. Bd2 b6 27.
Re7 a5 28. Ra7 h6 29. Be4 Re6 30. Ra8 Rxa8 31. Bxa8 d3 32. Be3 Re8 33. Bc6 Rc8
34. Ba4 Rc4 35. Bb3 Rb4 36. Bd2 Re4 37. Bd1 f5 38. Bf3 Re5 39. Bc3 Re7 40. Bd5+
Kh7 41. Bc4 Rd7 42. Ke1 d2+ 43. Bxd2 Rd4 44. b3 a4 45. Be3 Re4 46. Kd2 axb3 47.
axb3 Rg4 48. g3 Rg6 49. Kc3 h5 50. Kb4 h4 51. Bd3 Kg8 52. Bxf5 Rf6 53. Bd3 hxg3
54. hxg3 Kf7 55. Kb5 Rd6 56. Bc4+ Ke7 57. Bxb6 Kd7 58. Bc5 Rd2 59. Kb6 Kc8 60.
b4 Kb8 61. b5 Rd7 62. Ka6 Rc7 63. Bd6 1-0

[Event "2ème Open International de Haute-Bretagn"]
[Site "RENNES - FRANCE"]
[Date "2009.??.??"]
[Round "3.37"]
[White "Pavlovic, Zarko"]
[Black "Vandomel, Fabrice"]
[Result "0-1"]
[WhiteElo "1790"]
[BlackElo "1895"]
[PlyCount "112"]
[EventDate "2009.??.??"]

1. e4 e6 2. d4 d5 3. e5 c5 4. c3 Nc6 5. Bb5 Bd7 6. Bxc6 Bxc6 7. Nf3 Bb5 8. a4
Ba6 9. a5 Qd7 10. Qa4 Bb5 11. Qc2 Qc7 12. Be3 cxd4 13. Bxd4 Ne7 14. Qd2 Rc8 15.
Bxa7 Nc6 16. Bb6 Qb8 17. Qf4 Be7 18. Bd4 O-O 19. Qg3 Nxd4 20. Nxd4 Ba6 21. f4
Bc5 22. b4 Bxd4 23. Ra3 Ba7 24. h4 d4 25. Rh3 Qc7 26. h5 Qc4 27. Qf3 dxc3 28.
Rxc3 Qxb4 29. Qd1 Qxf4 30. Rhf3 Qxe5+ 31. Kd2 Rcd8+ 32. Rfd3 Rxd3+ 33. Rxd3
Bxd3 34. Nc3 Bf5 35. Qf3 Rd8+ 36. Kc1 Qe3+ 37. Kb2 Qxf3 38. gxf3 Bd4 39. Kb3
Bxc3 40. Kxc3 Rd3+ 41. Kb4 Rxf3 42. Kb5 Be4 43. h6 gxh6 44. Kb6 Rc3 45. Ka7 Kf8
46. Kb6 Ke7 47. Ka7 Kd7 48. Kb8 Rc8+ 49. Ka7 Bd5 50. a6 bxa6 51. Kb6 Kd6 52.
Kxa6 Rb8 53. Ka7 Rb1 54. Ka6 Kc6 55. Ka7 Bc4 56. Ka8 Kc7 0-1

[Event "2ème Open International de Haute-Bretagn"]
[Site "RENNES - FRANCE"]
[Date "2009.??.??"]
[Round "3.38"]
[White "Ledent, Philippe"]
[Black "Le Goff, Thierry"]
[Result "1/2-1/2"]
[WhiteElo "1857"]
[BlackElo "1798"]
[PlyCount "69"]
[EventDate "2009.??.??"]

1. d4 Nf6 2. c4 e6 3. Nc3 Bb4 4. Qc2 b6 5. e4 Nc6 6. Nf3 d5 7. cxd5 exd5 8. e5
Nd7 9. Bb5 Bb7 10. O-O Bxc3 11. bxc3 a6 12. Bd3 Ne7 13. Re1 Nf8 14. Bg5 Qd7 15.
h3 h6 16. Bd2 O-O-O 17. a4 Kb8 18. Ra2 Ne6 19. Rb1 Ka7 20. Rab2 Bc6 21. Ra2 g5
22. Be3 Rdg8 23. Qe2 a5 24. c4 dxc4 25. Bxc4 Nd5 26. Bd2 Nef4 27. Qe1 g4 28. e6
Qxe6 29. Qxe6 fxe6 30. hxg4 Bb7 31. Ne5 h5 32. g5 h4 33. Kh2 Rxg5 34. Rg1 Rhg8
35. Bf1 1/2-1/2

[Event "2ème Open International de Haute-Bretagn"]
[Site "RENNES - FRANCE"]
[Date "2009.??.??"]
[Round "3.39"]
[White "Bacon, Bruno"]
[Black "Djendeb, Mohand"]
[Result "0-1"]
[WhiteElo "1742"]
[BlackElo "1845"]
[PlyCount "88"]
[EventDate "2009.??.??"]

1. e4 e5 2. Nf3 Nc6 3. Bc4 Bc5 4. O-O Nf6 5. d3 d6 6. h3 O-O 7. Nc3 h6 8. a3 a6
9. Kh1 Be6 10. Nd5 Bxd5 11. Bxd5 Nxd5 12. exd5 Ne7 13. c4 Ng6 14. Be3 Ba7 15.
Qd2 Kh7 16. Nh2 f5 17. Bxa7 Rxa7 18. g3 Ra8 19. f4 exf4 20. gxf4 Qh4 21. Rf3
Rae8 22. Raf1 Re7 23. Qf2 Qxf2 24. R1xf2 Nh4 25. Rg3 Rfe8 26. Nf3 Nxf3 27.
Rgxf3 Re1+ 28. Kg2 R8e2 29. Rxe2 Rxe2+ 30. Rf2 Rxf2+ 31. Kxf2 Kg6 32. b4 Kf6
33. d4 g5 34. Kf3 Kg6 35. c5 Kh5 36. fxg5 hxg5 37. a4 g4+ 38. hxg4+ fxg4+ 39.
Kg3 Kg5 40. b5 axb5 41. axb5 b6 42. Kg2 Kf4 43. Kf2 g3+ 44. Kg2 Ke4 0-1

[Event "2ème Open International de Haute-Bretagn"]
[Site "RENNES - FRANCE"]
[Date "2009.??.??"]
[Round "3.42"]
[White "Francois, Yann"]
[Black "Lezot, Pierre"]
[Result "1/2-1/2"]
[WhiteElo "1580"]
[BlackElo "1744"]
[PlyCount "103"]
[EventDate "2009.??.??"]

1. Nf3 Nf6 2. c4 c5 3. e3 Nc6 4. b3 g6 5. Bb2 Bg7 6. Be2 O-O 7. O-O d6 8. d3 e5
9. Nc3 a6 10. a3 Be6 11. Qc2 Rc8 12. Rfd1 Qc7 13. Ng5 Qe7 14. Nxe6 fxe6 15. Bf3
Nd8 16. b4 Nd7 17. Qe2 h6 18. b5 a5 19. a4 Nf6 20. e4 Nf7 21. Bc1 b6 22. h4 Nh7
23. h5 g5 24. Be3 Nf6 25. Bg4 Rc7 26. f3 Rd8 27. Rac1 d5 28. exd5 exd5 29. cxd5
Nxd5 30. Ne4 Nxe3 31. Qxe3 Rd4 32. Rc4 Nd6 33. Nxd6 Qxd6 34. Rxd4 Qxd4 35. Qxd4
cxd4 36. Bf5 Kf8 37. Be4 Rc3 38. Ra1 Ke7 39. g4 Kd6 40. Kf2 Kc5 41. Rb1 Bf8 42.
Ke2 Kd6 43. Kd2 Kc7 44. Rc1 Bb4 45. Rxc3+ dxc3+ 46. Kc2 Kd6 47. Kb3 Kc5 48. Kc2
Kd4 49. Kb3 Ke3 50. Kc2 Kd4 51. Kb3 Kc5 52. Kc2 1/2-1/2

[Event "2ème Open International de Haute-Bretagn"]
[Site "RENNES - FRANCE"]
[Date "2009.??.??"]
[Round "3.47"]
[White "Guichard, Claude"]
[Black "Tounsi, Tewfik"]
[Result "0-1"]
[WhiteElo "1280"]
[BlackElo "1690"]
[PlyCount "62"]
[EventDate "2009.??.??"]

1. e4 e5 2. Nf3 Nc6 3. Bb5 Bc5 4. O-O Qe7 5. Re1 Nf6 6. Bc4 Ng4 7. Re2 d6 8.
Nc3 Nd4 9. Nd5 Nxe2+ 10. Qxe2 Qd8 11. Ne3 c6 12. h3 Nxe3 13. fxe3 Qf6 14. Qf2
O-O 15. Qg3 Be6 16. Be2 Qg6 17. Qxg6 fxg6 18. d4 exd4 19. exd4 Bb6 20. c3 h6
21. b4 a5 22. Ba3 axb4 23. Bxb4 c5 24. dxc5 dxc5 25. Ne5 cxb4+ 26. Kh2 Rf6 27.
cxb4 Bc7 28. Kg1 Bxe5 29. Rc1 Rxa2 30. Bc4 Bxc4 31. Rxc4 Ra1+ 0-1

[Event "2ème Open International de Haute-Bretagn"]
[Site "RENNES - FRANCE"]
[Date "2009.??.??"]
[Round "3.48"]
[White "Le Poitevin Dubost, Cyriac"]
[Black "Delpit, Wilfried"]
[Result "0-1"]
[WhiteElo "1270"]
[BlackElo "1664"]
[PlyCount "68"]
[EventDate "2009.??.??"]

1. e4 c5 2. Nf3 d6 3. Bc4 Nf6 4. e5 dxe5 5. Nxe5 e6 6. d3 Bd6 7. Bf4 Qc7 8. d4
Bxe5 9. dxe5 Nfd7 10. O-O Nc6 11. Bb5 Nd4 12. c3 Nxb5 13. a4 Qa5 14. b4 cxb4
15. cxb4 Qxb4 16. Bd2 Qd4 17. Na3 Nxa3 18. Rxa3 Nxe5 19. Bc3 Qxd1 20. Rxd1 Ng6
21. Bxg7 Rg8 22. Bf6 Ne7 23. Rad3 Nd5 24. Re3 Nxf6 25. Rf3 Nd5 26. Rfd3 b6 27.
Rh3 Rg7 28. Rh4 Bb7 29. f3 Ke7 30. Re4 Rc8 31. Rb1 Rc2 32. a5 Rgxg2+ 33. Kf1
Ba6+ 34. Ke1 Rg1# 0-1

[Event "2ème Open International de Haute-Bretagn"]
[Site "RENNES - FRANCE"]
[Date "2009.??.??"]
[Round "3.51"]
[White "Sin, Rany"]
[Black "Louchouarn, Renan"]
[Result "*"]
[WhiteElo "1499"]
[BlackElo "1380"]
[PlyCount "90"]
[EventDate "2009.??.??"]

1. Nf3 d6 2. Nc3 Nf6 3. g3 g6 4. Bg2 Bg7 5. b3 O-O 6. Bb2 Be6 7. e4 Bg4 8. Qe2
Nc6 9. O-O-O Nd4 10. Qe3 c5 11. h3 Bd7 12. Nxd4 cxd4 13. Qxd4 Ng4 14. Qb4 Nxf2
15. Qxb7 Nxh1 16. Rxh1 e5 17. Qd5 Be6 18. Qd3 Qe7 19. Ba3 Rfd8 20. Nb5 Qb7 21.
Nxd6 Qb6 22. c4 Qa6 23. Bb4 Qxa2 24. Kd1 Bf8 25. Ke1 Qa6 26. Kf1 Bxd6 27. Bxd6
Rxd6 28. Qe3 Rad8 29. Kg1 Rxd2 30. Kh2 Qa2 31. Rg1 Re2 32. Qf3 Rf2 33. Qe3 Rdd2
34. Qxf2 Rxf2 35. Kh1 Qxb3 36. Kh2 Qxc4 37. Kh1 g5 38. Kh2 Qc8 39. g4 a5 40.
Kh1 Qf8 41. Kh2 Qh6 42. Kg3 Qh4+ 43. Kh2 Bxg4 44. Rh1 Qxh3+ 45. Kg1 Qxg2# *

[Event "2ème Open International de Haute-Bretagn"]
[Site "RENNES - FRANCE"]
[Date "2009.??.??"]
[Round "3.52"]
[White "Michelutti, Enzo"]
[Black "Glory, Alain"]
[Result "0-1"]
[WhiteElo "1200"]
[BlackElo "1430"]
[PlyCount "82"]
[EventDate "2009.??.??"]

1. e4 e5 2. Nf3 Nc6 3. Nc3 Nf6 4. Bc4 Be7 5. Ng5 O-O 6. O-O Na5 7. b3 Nxc4 8.
bxc4 c6 9. d3 d5 10. Qf3 d4 11. Ne2 Bg4 12. Qg3 Bxe2 13. Re1 Bh5 14. Rb1 Qa5
15. Kf1 Bb4 16. Bb2 Bxe1 17. Rxe1 Rae8 18. f4 exf4 19. Qxf4 Qe5 20. Qxe5 Rxe5
21. Bxd4 Rxg5 22. Bxa7 Ra8 23. Be3 Rga5 24. e5 Rxe5 25. d4 Re4 26. h3 Bg6 27.
c3 Rxa2 28. Re2 Rxe2 29. Kxe2 Re8 30. Kf2 Ne4+ 31. Kf3 Nxc3 32. Bd2 Ne4 33. Be3
Nd6 34. c5 Nc4 35. Bc1 Be4+ 36. Kf4 Bxg2 37. h4 Bd5 38. Kf5 Re4 39. Kg5 Rxd4
40. Be3 Nxe3 41. h5 h6# 0-1

[Event "2ème Open International de Haute-Bretagn"]
[Site "RENNES - FRANCE"]
[Date "2009.??.??"]
[Round "3.53"]
[White "Lieutaud, Marcel"]
[Black "Thomas, Jeannine"]
[Result "1-0"]
[WhiteElo "1390"]
[BlackElo "1310"]
[PlyCount "105"]
[EventDate "2009.??.??"]

1. d4 d5 2. c4 c6 3. Nf3 e6 4. e3 Nf6 5. Nc3 Be7 6. Bd3 O-O 7. O-O Re8 8. Qc2
Nbd7 9. e4 dxe4 10. Nxe4 Nxe4 11. Bxe4 Nf6 12. Bd3 c5 13. Be3 b6 14. Rad1 Bb7
15. dxc5 Qc7 16. cxb6 axb6 17. b3 Bxf3 18. gxf3 Bd6 19. f4 Bxf4 20. Kh1 Qc6+
21. Kg1 Qc7 22. Bxf4 Qxf4 23. Qd2 Qg4+ 24. Kh1 Qf3+ 25. Kg1 Ra5 26. Qe3 Qg4+
27. Qg3 Qxg3+ 28. fxg3 Ng4 29. Rd2 g6 30. Be2 Ne3 31. Rf3 Nf5 32. a4 e5 33.
Rfd3 Nd4 34. Bd1 Ra7 35. Kg2 f5 36. Rc3 Rae7 37. b4 Ne6 38. c5 bxc5 39. bxc5
Ng5 40. Bc2 e4 41. c6 Rc7 42. Bb3+ Ne6 43. Rd7 Kf8 44. Bxe6 Rxe6 45. Rxc7 e3
46. Kf1 e2+ 47. Ke1 h5 48. Rc2 h4 49. gxh4 Re4 50. Ra7 Rxh4 51. Rxe2 Re4 52.
Rxe4 fxe4 53. c7 1-0

[Event "2ème Open International de Haute-Bretagn"]
[Site "RENNES - FRANCE"]
[Date "2009.07.16"]
[Round "2.1"]
[White "Fomichenko, Eduard"]
[Black "Piankov, Evgenij"]
[Result "1/2-1/2"]
[WhiteElo "2512"]
[BlackElo "2356"]
[PlyCount "104"]
[EventDate "2009.??.??"]

1. c4 c6 2. Nf3 d5 3. g3 g6 4. Bg2 Bg7 5. Qb3 Nf6 6. O-O O-O 7. d4 Qb6 8. Nc3
Rd8 9. Bf4 dxc4 10. Qxc4 Qxb2 11. Ng5 e6 12. Bc7 Re8 13. Rab1 Qa3 14. Bxb8 Rxb8
15. Bxc6 Rd8 16. Bg2 Qe7 17. Nf3 Nd5 18. Ne4 Bd7 19. Ne5 Be8 20. Rfc1 b6 21. e3
Rb7 22. Nc3 Bxe5 23. dxe5 Nxc3 24. Qxc3 Rbd7 25. Bf3 Rd3 26. Qb2 Qa3 27. Rc7
Qa5 28. Rbc1 Kg7 29. Kg2 Ba4 30. R1c4 Bd1 31. Rf4 Bxf3+ 32. Rxf3 R8d7 33. Rxd7
Rxd7 34. e4 Qc5 35. Re3 Rd4 36. f4 Rd1 37. Qf2 h5 38. Re2 Qc3 39. Rc2 Qd3 40.
Qe2 Qd4 41. Kh3 Rd3 42. f5 Re3 43. Qf2 gxf5 44. Qf4 Qxe4 45. Qg5+ Kh7 46. Qxh5+
Kg7 47. Qg5+ Kh7 48. Rc7 Qg4+ 49. Qxg4 fxg4+ 50. Kxg4 Kg6 51. Rxa7 Rxe5 52. h4
f5+ 1/2-1/2